Guess the singer - E - Statistics

General Stats
  • This quiz has been taken 133 times
  • The average score is 9 of 20
Answer Stats
Hint Answer % Correct
Shape of You Ed Sheeran
92%
Rocket Man Elton John
85%
Lose Yourself Eminem
83%
Hotel California The Eagles
83%
Jailhouse Rock Elvis Presley
79%
Love Me Like You Do Ellie Goulding
65%
Bring Me to Life Evanescence
61%
Sweet Dreams Eurythmics
57%
Tears In Heaven Eric Clapton
44%
American Boy Estelle
38%
Let's Groove Earth, Wind and Fire
35%
Hero Enrique Iglesias
31%
Ex's and Oh's Elle King
30%
Cool Kids Echosmith
23%
Walking on a Dream Empire of the Sun
23%
Blue Eiffel 65
21%
Ghost Ella Henderson
13%
Santa Monica Everclear
11%
American Teenager Ethel Cain
9%
Why Does Love Do This To Me The Exponents
3%
No matching quizzes found
Score Distribution
Percent of People with Each Score
Percentile by Number Answered
Your Score History
You have not taken this quiz